Kiss from a Rose - Seal (All Lyrics) - Statistics

General Stats
  • This quiz has been taken 51 times
  • The average score is 299 of 431
Answer Stats
Answer % Correct
a
97%
A
97%
the
95%
The
95%
rose
92%
I
90%
I,
90%
You
90%
you
90%
you,
90%
kiss
87%
and
85%
And
85%
(and
85%
Baby,
85%
baby,
85%
baby?
85%
be
85%
it
85%
on
85%
from
82%
that
82%
to
82%
To
82%
in
79%
My
79%
my
79%
is
77%
light
77%
There
77%
when
77%
your
77%
bloom
74%
of
74%
yeah
74%
can
72%
did
72%
know
72%
Now
72%
Now,
72%
now
72%
eyes
69%
me
69%
me,
69%
more
69%
can't
64%
feels,
64%
hits
64%
Love
64%
snows
64%
you're
64%
become
62%
by
62%
pain,
62%
pain
62%
pleasure,
62%
power,
62%
remain
62%
shine
62%
But
59%
he
59%
seen?
59%
stranger
59%
used
59%
compare
56%
dark
56%
get
56%
like
56%
say
56%
been
54%
I've
54%
kissed
54%
so
54%
grey
51%
large
51%
tell
51%
that's
51%
much
49%
side
49%
gloom
46%
man
46%
Ooh,
46%
addiction
44%
alone
44%
became
44%
not
44%
sea
44%
greying
41%
high
41%
if
41%
tower
38%
deny
36%
deny,
36%
drug
36%
remained
36%
all
33%
ba-da,
28%
ba-da
28%
fall,
26%
go
26%
pill
26%
Won't
26%
won't
26%
Ba-ya-ya,
23%
ba-ya-ya
23%
growing
23%
healthy,
21%
should
21%
away?)
18%
Yes,
18%
would
15%
ba-da-da-da,
10%
No matching quizzes found
Score Distribution
Percent of People with Each Score
Percentile by Number Answered
Your Score History
You have not taken this quiz